000 00902nam a22002777a 4500
001 BR7406611
003 BR-BrBNA
005 20230928084649.0
007 ta
008 230509b bl.||||| |||| 00| 0 por d
040 _aBR-BrBNA
_bpor
_cBiblioteca Nacional de Agricultura
041 _a(Por)
072 _aK10
_b3000
_b/G514
090 _ 3000 BR7406611
110 1 _aUniversidade Federal de Santa Maria, RS (Brasil)
_99701
111 1 _a1. Simposio da Pesquisa Florestal do Estado do Rio Grande do Sul
_cSanta Maria, RS (Brazil)
_d22 May 1974
245 1 _aAnais do Simposio da Pesquisa Florestal do Estado do Rio Grande do Sul [Brasil]
260 3 _aSanta Maria, RS (Brasil):
_c1974.
300 _a66 p.
650 _aPESQUISA FLORESTAL
650 _aSILVICULTURA
650 _aENGENHARIA FLORESTAL
650 _aRIO GRANDE DO SUL
909 _a202309
_bLucia
_c55
_dLucia Elande
942 _cBK
999 _c20342
_d20342